<?xml version="1.0" encoding="UTF-8"?><?xml-stylesheet type="text/xsl" href="static/style.xsl"?><OAI-PMH xmlns="http://www.openarchives.org/OAI/2.0/" xmlns:xsi="http://www.w3.org/2001/XMLSchema-instance" xsi:schemaLocation="http://www.openarchives.org/OAI/2.0/ http://www.openarchives.org/OAI/2.0/OAI-PMH.xsd"><responseDate>2026-04-18T02:52:38Z</responseDate><request verb="GetRecord" identifier="oai:riubu.ubu.es:10259/3598" metadataPrefix="marc">https://riubu.ubu.es/oai/request</request><GetRecord><record><header><identifier>oai:riubu.ubu.es:10259/3598</identifier><datestamp>2024-07-16T10:01:56Z</datestamp><setSpec>com_10259_9391</setSpec><setSpec>com_10259_5087</setSpec><setSpec>com_10259_2728</setSpec><setSpec>col_10259_9392</setSpec></header><metadata><record xmlns="http://www.loc.gov/MARC21/slim" xmlns:doc="http://www.lyncode.com/xoai" xmlns:xsi="http://www.w3.org/2001/XMLSchema-instance" xmlns:dcterms="http://purl.org/dc/terms/" xsi:schemaLocation="http://www.loc.gov/MARC21/slim http://www.loc.gov/standards/marcxml/schema/MARC21slim.xsd">
<leader>00925njm 22002777a 4500</leader>
<datafield tag="042" ind1=" " ind2=" ">
<subfield code="a">dc</subfield>
</datafield>
<datafield tag="720" ind1=" " ind2=" ">
<subfield code="a">Ausín Rodríguez, Noelia</subfield>
<subfield code="e">author</subfield>
</datafield>
<datafield tag="520" ind1=" " ind2=" ">
<subfield code="a">El comercio electrónico y en concreto, el comercio móvil, se están consolidando como nuevas formas de adquisición de productos y servicios. En este trabajo, se estudiarán los hábitos de los consumidores&#xd;
en la búsqueda de información sobre productos y servicios, así como en la compra, desde distintos dispositivos. A su vez, se realizará una comparativa experimental simulando la compra a través de la&#xd;
APP de una tienda especializada en moda (Zara) y la APP de una tienda outlet (Privalia), con la ayuda de una tablet con sistema operativo Android. Con los resultados obtenidos en la simulación, se&#xd;
propondrán mejoras para que las empresas aprovechen el potencial de los dispositivos móviles como canal de venta.</subfield>
</datafield>
<datafield tag="024" ind2=" " ind1="8">
<subfield code="a">http://hdl.handle.net/10259/3598</subfield>
</datafield>
<datafield ind1=" " ind2=" " tag="653">
<subfield code="a">Comercio electrónico</subfield>
</datafield>
<datafield ind1=" " ind2=" " tag="653">
<subfield code="a">Comercio móvil</subfield>
</datafield>
<datafield ind1=" " ind2=" " tag="653">
<subfield code="a">Tienda especializada en moda</subfield>
</datafield>
<datafield ind1=" " ind2=" " tag="653">
<subfield code="a">Tienda outlet</subfield>
</datafield>
<datafield ind1=" " ind2=" " tag="653">
<subfield code="a">Análisis de mercado</subfield>
</datafield>
<datafield ind1=" " ind2=" " tag="653">
<subfield code="a">E-commerce</subfield>
</datafield>
<datafield ind1=" " ind2=" " tag="653">
<subfield code="a">M-commerce</subfield>
</datafield>
<datafield ind1=" " ind2=" " tag="653">
<subfield code="a">Store specializing in fashion</subfield>
</datafield>
<datafield ind1=" " ind2=" " tag="653">
<subfield code="a">Outlet store</subfield>
</datafield>
<datafield ind1=" " ind2=" " tag="653">
<subfield code="a">Market surveys</subfield>
</datafield>
<datafield tag="245" ind1="0" ind2="0">
<subfield code="a">Comercio móvil: comparativa experimental, tienda especializada en moda Vs tienda outlet</subfield>
</datafield>
</record></metadata></record></GetRecord></OAI-PMH>